Тепловые процессы в химической технологии: учебное пособие

Podrobná bibliografie
Hlavní autor: Крайденко Р. И. Роман Иванович
Korporativní autor: Национальный исследовательский Томский политехнический университет (ТПУ)
Shrnutí:Основная цель пособия - ознакомить читателя с основами тепловых процессов и способами подвода тепла; показать, какое топливо, теплоносители используются в химической технологии, как происходит перенос тепла от одного вещества к другому, по каким законам происходит теплообмен, теплоотдача, теплопередача. Предназначено для студентов, в учебных программах которых присутствуют курсы химической технологии, а также для подготовки бакалавров, обучающихся по направлению 240100 «Химическая технология» и специалистов, обучающихся по специальности 240501 «Химическая технология материалов современной энергетики».
Jazyk:ruština
Vydáno: Томск, Изд-во ТПУ, 2010
Témata:
Médium: MixedMaterials Kniha
KOHA link:https://koha.lib.tpu.ru/cgi-bin/koha/opac-detail.pl?biblionumber=191295

MARC

LEADER 00000nam0a2200000 4500
001 191295
005 20231101224337.0
010 |a 9785982987686 
035 |a (RuTPU)RU\TPU\book\208566 
090 |a 191295 
100 |a 20110204d2010 m y0rusy50 ca 
101 0 |a rus 
102 |a RU 
105 |a a j 001zy 
200 1 |a Тепловые процессы в химической технологии  |e учебное пособие  |f Р. И. Крайденко  |g Национальный исследовательский Томский политехнический университет (ТПУ) 
210 |a Томск  |c Изд-во ТПУ  |d 2010 
215 |a 96 с.  |c ил. 
320 |a Библиогр.: с. 94-95. 
330 |a Основная цель пособия - ознакомить читателя с основами тепловых процессов и способами подвода тепла; показать, какое топливо, теплоносители используются в химической технологии, как происходит перенос тепла от одного вещества к другому, по каким законам происходит теплообмен, теплоотдача, теплопередача. Предназначено для студентов, в учебных программах которых присутствуют курсы химической технологии, а также для подготовки бакалавров, обучающихся по направлению 240100 «Химическая технология» и специалистов, обучающихся по специальности 240501 «Химическая технология материалов современной энергетики». 
606 1 |a Топливо  |x Использование,промышленное  |2 stltpush  |3 (RuTPU)RU\TPU\subj\33467  |9 55699 
610 1 |a химическая технология 
610 1 |a тепловые процессы 
610 1 |a энергия 
610 1 |a использование 
610 1 |a топливные характеристики 
610 1 |a виды 
610 1 |a горение 
610 1 |a расчет 
610 1 |a тепловые установки 
610 1 |a тепловая энергия 
610 1 |a нагревательные установки 
610 1 |a теплоносители 
610 1 |a теплопередача 
610 1 |a теплообмен 
610 1 |a теплообменные аппараты 
610 1 |a теплоизоляция 
610 1 |a тепловые потоки 
610 1 |a охлаждение 
610 1 |a технологический материальный баланс 
610 1 |a учебные пособия 
610 1 |a труды учёных ТПУ 
675 |a 662.92(075.8)  |v 3 
700 1 |a Крайденко  |b Р. И.  |c химик-технолог  |c доцент Томского политехнического университета  |f 1983-  |g Роман Иванович  |2 stltpush  |3 (RuTPU)RU\TPU\pers\26383 
712 0 2 |a Национальный исследовательский Томский политехнический университет (ТПУ)  |c (2009- )  |2 stltpush  |3 (RuTPU)RU\TPU\col\15902 
801 1 |a RU  |b 63413507  |c 20110204 
801 2 |a RU  |b 63413507  |c 20200114  |g RCR 
942 |c BK